000 01039cam a2200313 a 4500
001 1615790
005 20150115155200.0
008 950607s1996 xxka frb f001 0 eng d
010 _a95023194
020 _a0521433487 (hardcover)
020 _a0521439655 (pbk.)
020 _a9780521439657
040 _aDLC
_cDLC
_dDLC
_dEG-ScBUE
082 0 0 _a621.3675
_222
_bHAR
100 1 _aHariharan, P.
_937202
245 1 0 _aOptical holography :
_bprinciples, techniques, and applications /
_cP. Hariharan.
250 _a2nd ed.
260 _aCambridge, United Kingdom ;
_aNew York, United States :
_bCambridge University Press,
_c1996.
300 _axvi, 406 p. :
_bill. ;
_c24 cm.
490 1 _aCambridge studies in modern optics
500 _aIncludes appendixes.
500 _aIncludes indexes.
504 _aBibliography : p. 337-387.
650 0 _aHolography
_937117
653 _bENGELC
_cJanuary2015
655 _vreading book
_934232
830 0 _aCambridge studies in modern optics (Unnumbered)
942 _2ddc
_k621.3675 HAR
999 _c18892
_d18864